| 000 | 00549nam a2200181 i 4500 | ||
|---|---|---|---|
| 001 | 14472 | ||
| 003 | ES-MaACL | ||
| 005 | 20230906150824.0 | ||
| 007 | t| | ||
| 008 | 990324s1889 xxk ||||1| eng d | ||
| 080 | _a908.494 | ||
| 100 | 1 |
_aTissot, Victor. _9110345 |
|
| 245 | 1 | 0 |
_aUnknown Switzerland / _cby Victor Tissot ; translated from the twelfth edition, by Mrs. Wilson. |
| 260 |
_aLondon : _bHodder and Stoughton, _c1889. |
||
| 300 |
_aX, 361 p. ; _c19 cm. |
||
| 651 | 4 |
_aSuiza- _xDescripción. _99416 |
|
| 852 |
_aES-MaACL _jF-7164 _bR.124514 |
||
| 999 |
_c14472 _d14472 |
||